000 00806nam a2200157Ia 4500
008 100122s9999 xx 000 0 und d
082 _b66910
_a823
100 _aफोलेट केन
245 _aऑन द विंग्ज ऑफ ईगल्स (अनु - ज्योत्स्ना लेले ) (क.क्र.1/1 )
260 _bमेहता पब्लिकेशन हाऊस
_c2004
300 _a343
630 _aऑन द विंग्ज ऑफ ईगल्स (अनु - ज्योत्स्ना लेले ) (क.क्र.1/1 )
700 _aलेले ज्योत्स्ना
730 _aऑन द विंग्ज ऑफ ईगल्स (अनु - ज्योत्स्ना लेले ) (क.क्र.1/1 )
942 _cBOOK
999 _c439256
_d439253